Wirtschaftswachstum in den MOEL zunehmend durch heimische Nachfrage getragen (Record no. 6950)

MARC details
000 -LEADER
fixed length control field 01740nam a22005657i 4500
001 - CONTROL NUMBER
control field 8293
003 - CONTROL NUMBER IDENTIFIER
control field OSt
005 - DATE AND TIME OF LATEST TRANSACTION
control field 20180829175519.0
008 - FIXED-LENGTH DATA ELEMENTS--GENERAL INFORMATION
fixed length control field 161220t2007 au |||||||||||||||||ger|d
024 7# - OTHER STANDARD IDENTIFIER
Standard number or code 8293
Source of number or code RID
040 ## - CATALOGING SOURCE
Transcribing agency OSt
084 ## - OTHER CLASSIFICATION NUMBER
Classification number P2
-- O57
-- E17
Number source jelc
100 1# - MAIN ENTRY--PERSONAL NAME
Personal name Astrov, Vasily
245 00 - TITLE STATEMENT
Title Wirtschaftswachstum in den MOEL zunehmend durch heimische Nachfrage getragen
260 ## - PUBLICATION, DISTRIBUTION, ETC.
Place of publication, distribution, etc. Wien :
Name of publisher, distributor, etc. Wiener Institut für Internationale Wirtschaftsvergleiche (wiiw),
Date of publication, distribution, etc. 2007.
300 ## - PHYSICAL DESCRIPTION
Extent 15 S. ;
Dimensions 30cm.
490 1# - SERIES STATEMENT
Series statement wiiw Forschungsarbeiten in deutscher Sprache
Volume/sequential designation Mai 2007
500 00 - GENERAL NOTE
General note Sonderdruck aus: Monatsberichte des Österreichischen Instituts für Wirtschaftsforschung - WIFO, 80. Jahrgang (2007), Heft 5, S. 435-449
690 ## - LOCAL SUBJECT ADDED ENTRY--TOPICAL TERM (OCLC, RLIN)
Topical term or geographic name as entry element International Trade, Competitiveness and FDI
690 ## - LOCAL SUBJECT ADDED ENTRY--TOPICAL TERM (OCLC, RLIN)
Topical term or geographic name as entry element Labour, Migration and Income Distribution
690 ## - LOCAL SUBJECT ADDED ENTRY--TOPICAL TERM (OCLC, RLIN)
Topical term or geographic name as entry element Macroeconomic Analysis and Policy
650 ## - SUBJECT ADDED ENTRY--TOPICAL TERM
Topical term or geographic name entry element transitional economies
650 ## - SUBJECT ADDED ENTRY--TOPICAL TERM
Topical term or geographic name entry element comparative study
650 ## - SUBJECT ADDED ENTRY--TOPICAL TERM
Topical term or geographic name entry element macroeconomic forecast
650 ## - SUBJECT ADDED ENTRY--TOPICAL TERM
Topical term or geographic name entry element macroeconomic analysis
651 ## - SUBJECT ADDED ENTRY--GEOGRAPHIC NAME
Geographic name Albania
651 ## - SUBJECT ADDED ENTRY--GEOGRAPHIC NAME
Geographic name Baltic States
651 ## - SUBJECT ADDED ENTRY--GEOGRAPHIC NAME
Geographic name Bosnia and Herzegovina
651 ## - SUBJECT ADDED ENTRY--GEOGRAPHIC NAME
Geographic name Bulgaria
651 ## - SUBJECT ADDED ENTRY--GEOGRAPHIC NAME
Geographic name Croatia
651 ## - SUBJECT ADDED ENTRY--GEOGRAPHIC NAME
Geographic name Czech Republic
651 ## - SUBJECT ADDED ENTRY--GEOGRAPHIC NAME
Geographic name Estonia
651 ## - SUBJECT ADDED ENTRY--GEOGRAPHIC NAME
Geographic name Hungary
651 ## - SUBJECT ADDED ENTRY--GEOGRAPHIC NAME
Geographic name Latvia
651 ## - SUBJECT ADDED ENTRY--GEOGRAPHIC NAME
Geographic name Lithuania
651 ## - SUBJECT ADDED ENTRY--GEOGRAPHIC NAME
Geographic name Macedonia
651 ## - SUBJECT ADDED ENTRY--GEOGRAPHIC NAME
Geographic name Montenegro
651 ## - SUBJECT ADDED ENTRY--GEOGRAPHIC NAME
Geographic name Poland
651 ## - SUBJECT ADDED ENTRY--GEOGRAPHIC NAME
Geographic name Romania
651 ## - SUBJECT ADDED ENTRY--GEOGRAPHIC NAME
Geographic name Russia
651 ## - SUBJECT ADDED ENTRY--GEOGRAPHIC NAME
Geographic name SEE
651 ## - SUBJECT ADDED ENTRY--GEOGRAPHIC NAME
Geographic name Serbia
651 ## - SUBJECT ADDED ENTRY--GEOGRAPHIC NAME
Geographic name Slovakia
651 ## - SUBJECT ADDED ENTRY--GEOGRAPHIC NAME
Geographic name Slovenia
651 ## - SUBJECT ADDED ENTRY--GEOGRAPHIC NAME
Geographic name Ukraine
651 ## - SUBJECT ADDED ENTRY--GEOGRAPHIC NAME
Geographic name Visegrad countries
830 #0 - SERIES ADDED ENTRY--UNIFORM TITLE
Title of a work wiiw Forschungsarbeiten in deutscher Sprache
Volume/sequential designation Mai 2007
Bibliographic record control number WIIW0000107
856 ## - ELECTRONIC LOCATION AND ACCESS
Uniform Resource Identifier <a href="https://wiiw.ac.at/p-185.html">https://wiiw.ac.at/p-185.html</a>
942 ## - ADDED ENTRY ELEMENTS (KOHA)
Koha item type Paper
Holdings
Withdrawn status Lost status Damaged status Not for loan Home library Current library Shelving location Date acquired Inventory number Total Checkouts Barcode Date last seen Price effective from Koha item type
        WIIW WIIW Library 05/01/2007 8293   10004665 01/26/2017 01/26/2017 Paper
The Vienna Instiute for International Economic Studies (wiiw)